Ski jumping - all jumpers with points in season 2018/2019 - Statistics

General Stats
  • This quiz has been taken 364 times
  • The average score is 48 of 78
Answer Stats
Nationality Ski jumper % Correct
Austria Stefan Kraft
97%
Poland Kamil Stoch
95%
Poland Dawid Kubacki
93%
Slovenia Domen Prevc
92%
Slovenia Peter Prevc
92%
Poland Piotr Żyła
91%
Japan Junshiro Kobayashi
90%
Japan Ryoyu Kobayashi
90%
Switzerland Simon Ammann
87%
Czech Republic Roman Koudelka
85%
Germany Karl Geiger
84%
Japan Noriaki Kasai
84%
Norway Daniel Andre Tande
83%
Finland Antti Aalto
81%
Bulgaria Vladimir Zografski
81%
Norway Johann Andre Forfang
80%
Austria Michael Hayboeck
80%
Germany Markus Eisenbichler
79%
Norway Robert Johansson
78%
Canada Mackenzie Boyd-Clowes
77%
Germany Andreas Wellinger
76%
Estonia Artti Aigro
76%
Poland Maciej Kot
76%
Slovenia Timi Zajc
76%
Slovenia Anze Lanisek
75%
Switzerland Killian Peier
75%
Switzerland Gregor Deschwanden
74%
Japan Keiichi Sato
73%
Poland Stefan Hula
73%
Japan Yukiya Sato
73%
Japan Daiki Ito
72%
Russia Evgeniy Klimov
72%
Norway Halvor Egner Granerud
72%
Germany Severin Freund
72%
United States Kevin Bickner
71%
Austria Manuel Fettner
70%
Italy Alex Insam
69%
Austria Gregor Schlierenzauer
69%
Poland Jakub Wolny
69%
Austria Daniel Huber
68%
Germany Richard Freitag
67%
Norway Marius Lindvik
62%
Germany Pius Paschke
62%
Austria Jan Hoerl
61%
Germany Stephan Leyhe
61%
Germany Constantin Schmid
60%
Poland Paweł Wąsek
56%
Japan Taku Takeuchi
55%
Austria Philipp Aschenwald
54%
Czech Republic Viktor Polasek
53%
Japan Naoki Nakamura
50%
Norway Anders Fannemel
49%
Slovenia Anze Semenic
49%
Czech Republic Cestmir Kozisek
48%
Slovenia Ziga Jelar
48%
Austria Clemens Aigner
47%
Norway Andreas Stjernen
45%
Finland Jarkko Määttä
45%
Russia Dimitry Vassiliev
44%
Finland Eetu Nousiainen
43%
Slovenia Jurij Tepes
43%
Russia Roman Sergeevich Trofimov
42%
Slovenia Jernej Damjan
38%
Russia Mikhail Nazarov
36%
Slovenia Tilen Bartol
36%
Germany David Siegel
34%
Czech Republic Tomas Vancura
34%
Switzerland Andreas Schuler
33%
Czech Republic Lukas Hlava
33%
Slovenia Bor Pavlovcic
32%
Norway Robin Pedersen
32%
Germany Martin Hamann
29%
Norway Thomas Aasen Markeng
27%
Finland Andreas Alamommo
25%
Austria Markus Schiffner
22%
Slovenia Zak Mogel
21%
Germany Moritz Baer
19%
Austria Ulrich Wohlgenannt
19%
No matching quizzes found
Score Distribution
Percent of People with Each Score
Percentile by Number Answered
Your Score History
You have not taken this quiz